Encyclopaedia of civilizations in Islam : religion, tradition, history, art, society and culture :

Bibliographic Details
Format: Book
Published: New Delhi : Anmol Publications Pvt. Ltd , 2013
Subjects:

MARC

LEADER 00000cam a2200000 7i4500
001 0000047961
005 20150603.0
008 150602
020 |a 9788126151141 (set) 
090 0 0 |a 297.27   |b ENC 
245 1 0 |a Encyclopaedia of civilizations in Islam :   |b religion, tradition, history, art, society and culture :   |b volume 1 : Islamic civilizations 
260 |a New Delhi :   |b Anmol Publications Pvt. Ltd ,   |c 2013 
650 0 |a Civilization, Islamic 
650 0 |a Islam & humanism 
650 0 |a Islam & state 
999 |a 0001349505   |b Book   |c REFERENCE   |e Perbadanan Perpustakaan Awam Johor